000
00332nam a22001457a 4500
003
SGT
082
_a
808.06634,MYN
100
_a
MYNENI,S.R
245
_a
LEGAL LANGUAGE AND LEGAL WRITING
250
_a
1ST
260
_a
HYDRAWAD
_b
HYDRABAD
_c
ASIA PUBLICATION
300
_a
572
650
_a
LANGUAGE AND WRITING
942
_2
ddc
_c
BK
_0
3
999
_c
9577
_d
9577